00545 2200205 4500001002100000005001700021008004100038035002400079082001000103090001700113100002300130245004200153260003700195300003000232650002800262850001500290980001300305985000600318999001500324YOGYA-0209000004781220090227031726.0 ind  0010-020900000047812 a770.2 a770.2bSul F aSULARKO, Raden Mas aFotografi untuk nafkahcR.M. Soelarko aBandungbKarya Nusantarac[s.a.] axii, 180 hlmbilusc22 cm aFotografi - Pencahayaan aYOPDYOG(M) a26-10-07 a1 aP000012454